书目信息 |
| 题名: |
新时代国有企业党的建设教程
|
|
| 作者: | 《新时代国有企业党的建设教程》编写组 编著 | |
| 分册: | ||
| 出版信息: | 北京 中共中央党校出版社 2019.2 |
|
| 页数: | 344页 | |
| 开本: | 19cm | |
| 丛书名: | ||
| 单 册: | ||
| 中图分类: | D267.1 | |
| 科图分类: | ||
| 主题词: | 中国共产党--国有企业--党的建设--学习参考资料 | |
| 电子资源: | ||
| ISBN: | 978-7-5035-6520-5 | |
| 000 | 01088nam0 2200241 450 | |
| 001 | 012019015410 | |
| 005 | 20200513044018.3 | |
| 010 | @a978-7-5035-6520-5@dCNY40.00 | |
| 100 | @a20200513d2019 em y0chiy0110 ea | |
| 101 | 0 | @achi |
| 102 | @aCN@b110000 | |
| 105 | @af z 000zy | |
| 106 | @ar | |
| 200 | 1 | @a新时代国有企业党的建设教程@9Xin Shi Dai Guo You Qi Ye Dang De Jian She Jiao Cheng @f《新时代国有企业党的建设教程》编写组编著 |
| 210 | @a北京@c中共中央党校出版社@d2019.2 | |
| 215 | @a344页@d19cm | |
| 330 | @a本教材聚焦新时代国有企业坚持党的领导、加强党的建设这一重大命题,深刻总结国有企业加强党的建设的历史规律和经验做法,并结合新时代党的建设新形势新任务,明确提出新时代国有企业党的建设总体目标、根本原则、指导方针、工作格局、重点任务和实现路径。 | |
| 606 | 0 | @a中国共产党@x国有企业@x党的建设@x学习参考资料 |
| 690 | 0 | @aD267.1@v5 |
| 701 | 0 | @a《新时代国有企业党的建设教程》编写组@9《Xin Shi Dai Guo You Qi Ye Dang De Jian She Jiao Cheng 》Bian Xie Zu @4编著 |
| 801 | 0 | @aCN@b(网众)采访数据@c20200513 |
| 801 | 0 | @aCN@bBJXHZP@c20230228 |
| 905 | @b1404475-8@dD267.1@e2004@f4 | |
| 新时代国有企业党的建设教程/《新时代国有企业党的建设教程》编写组编著.-北京:中共中央党校出版社,2019.2 |
| 344页;19cm |
| ISBN 978-7-5035-6520-5:CNY40.00 |
| 本教材聚焦新时代国有企业坚持党的领导、加强党的建设这一重大命题,深刻总结国有企业加强党的建设的历史规律和经验做法,并结合新时代党的建设新形势新任务,明确提出新时代国有企业党的建设总体目标、根本原则、指导方针、工作格局、重点任务和实现路径。 |
| ● |
| 相关链接 |
|
|
|
|
正题名:新时代国有企业党的建设教程
索取号:D267.1/2004
 
预约/预借
| 序号 | 登录号 | 条形码 | 馆藏地/架位号 | 状态 | 备注 |
| 1 | 1404475 | 214044755 | 第一样本阅览室/ [索取号:D267.1/2004] | 在馆 | |
| 2 | 1404476 | 214044764 | 第一借阅区/ [索取号:D267.1/2004] | 在馆 | |
| 3 | 1404477 | 214044773 | 第一借阅区/ [索取号:D267.1/2004] | 在馆 | |
| 4 | 1404478 | 214044782 | 第一借阅区/ [索取号:D267.1/2004] | 在馆 |